[Event "6th EUR-ch (w)"]
[Site "Chisinau MDA"]
[Date "2005.06.18"]
[Round "8"]
[White "Muzychuk, Maria"]
[Black "Kostiuk, Tatiana"]
[Result "0-1"]
[WhiteElo "2059"]
[BlackElo "2313"]
[EventDate "2005.06.10"]
[PlyCount "78"]

1.e4 e5 2.Nf3 Nc6 3.Bc4 Nf6 4.Ng5 d5 5.exd5 Na5 6.Bb5+ c6 7.dxc6 bxc6 8.
Be2 h6 9.Nf3 e4 10.Ne5 Bd6 11.f4 exf3 12.Nxf3 O-O 13.O-O Qc7 14.Nc3 Re8 
15.Kh1 Bg4 16.h3 Bd7 17.Nh4 Qc8 18.Bd3 Bb8 19.Qf3 Qc7 20.g3 Bxh3 21.Rg1 
Bg4 22.Qf2 a6 23.Bf5 Ba7 24.d4 Rad8 25.Bf4 Qb7 26.Bxg4 Nxg4 27.Qf3 h5 28.
Rgf1 Bxd4 29.Nf5 c5 30.Nd6 Qxf3+ 31.Rxf3 Re7 32.Raf1 f6 33.Nf5 Red7 34.Na4
g5 35.Bd6 Rxd6 36.Nxd6 Rxd6 37.c3 Be3 38.b3 Rd2 39.Nb6 Rh2# 0-1

[Event "6th EUR-ch (w)"]
[Site "Chisinau MDA"]
[Date "2005.06.18"]
[Round "8"]
[White "Sedina, Elena"]
[Black "Charochkina, Daria"]
[Result "1/2-1/2"]
[WhiteElo "2422"]
[BlackElo "2183"]
[EventDate "2005.06.10"]
[PlyCount "90"]

1.e4 c5 2.Nf3 Nc6 3.Bb5 d6 4.Bxc6+ bxc6 5.O-O Bg4 6.c3 Nf6 7.h3 Bh5 8.Re1 
e6 9.d3 Nd7 10.Nbd2 Be7 11.Nc4 O-O 12.Bf4 d5 13.Ne3 Bg6 14.Qa4 c4 15.dxc4 
Nc5 16.Qd1 Nxe4 17.Ne5 Bc5 18.b4 Nxc3 19.Qb3 Bd4 20.Nxc6 Qb6 21.Nxd4 Qxd4 
22.Bd6 Ne2+ 23.Kh1 dxc4 24.Qxc4 Qxd6 25.Rxe2 Bd3 26.Rd2 Qe5 27.Qc1 Be4 28.
Qe1 Rad8 29.Rad1 Rb8 30.Rd4 Ba8 31.Kg1 Qh5 32.Rd7 Rb5 33.Rd8 Rb8 34.R8d7 
Rb5 35.Rd8 Rb8 36.Rxf8+ Rxf8 37.Qd2 f5 38.Qd6 Qg6 39.f4 h6 40.Kf2 Be4 41.
Rc1 Qf6 42.Rc7 Rd8 43.Rd7 Rc8 44.Re7 Rc3 45.Rxe6 Qf7 1/2-1/2

[Event "6th EUR-ch (w)"]
[Site "Chisinau MDA"]
[Date "2005.06.18"]
[Round "8"]
[White "Matnadze, Ana"]
[Black "Dragomirescu, Angela"]
[Result "1/2-1/2"]
[WhiteElo "2376"]
[BlackElo "2241"]
[EventDate "2005.06.10"]
[PlyCount "46"]

1.d4 Nf6 2.Nf3 e6 3.g3 c5 4.Bg2 Nc6 5.O-O d5 6.c4 dxc4 7.Qa4 Bd7 8.Qxc4 
Rc8 9.dxc5 Qa5 10.Be3 Nd5 11.Bd2 Qxc5 12.Qb3 Qb6 13.Qxb6 Nxb6 14.Nc3 Be7 
15.Rfd1 e5 16.Be1 f6 17.e3 Be6 18.Nd2 Kf7 19.Nde4 Rhd8 20.Nb5 Nd5 21.Ned6+
Bxd6 22.e4 Bg4 23.Rxd5 Bb8 1/2-1/2

[Event "6th EUR-ch (w)"]
[Site "Chisinau MDA"]
[Date "2005.06.18"]
[Round "8"]
[White "Bojkovic, Natasa"]
[Black "Bensdorp, Marlies"]
[Result "1-0"]
[WhiteElo "2371"]
[BlackElo "2232"]
[EventDate "2005.06.10"]
[PlyCount "145"]

1.e4 e6 2.d4 d5 3.Nd2 Nf6 4.e5 Nfd7 5.Bd3 c5 6.c3 Nc6 7.Ne2 cxd4 8.cxd4 f6
9.exf6 Nxf6 10.O-O Bd6 11.Nf3 Qc7 12.Bg5 O-O 13.Rc1 Bd7 14.Ng3 Qb6 15.Bxf6
gxf6 16.Qd2 Rf7 17.Nh5 Kh8 18.Bb1 Ne7 19.a3 Rg8 20.Rfe1 Ng6 21.Rc3 Qd8 22.
Bxg6 hxg6 23.Nf4 Bxf4 24.Qxf4 Kg7 25.Qd6 Re8 26.Rc7 Bc6 27.Rxf7+ Kxf7 28.
Qf4 Kg7 29.h4 Qe7 30.Re3 Bd7 31.Qc7 Bc6 32.Qg3 Rh8 33.Ne1 Bb5 34.Nf3 Kf7 
35.Rc3 Bc6 36.Qf4 Kg7 37.Re3 Rc8 38.Nh2 Rh8 39.Re1 Rh5 40.Nf3 Rh8 41.Re3 
a6 42.Qg3 Rh5 43.Re1 Bb5 44.Qb8 Rh8 45.Qf4 Rc8 46.Qd2 Qd6 47.Nh2 Rh8 48.
Nf3 Rc8 49.Nh2 Rh8 50.g3 e5 51.dxe5 fxe5 52.Ng4 Rh5 53.Rxe5 Rxe5 54.Qd4 
Qe6 55.Nxe5 Kh7 56.Kg2 Kg8 57.g4 Be2 58.f3 Bb5 59.Kg3 Qd6 60.Kf2 Be8 61.
Kg2 Bb5 62.b4 Qe6 63.Kf2 Qd6 64.Kg3 Be8 65.Kh3 Qe6 66.Kg2 Bb5 67.Kf2 Be8 
68.Nd3 Bf7 69.Nf4 Qc6 70.h5 Qc2+ 71.Kg3 g5 72.Nd3 Qd1 73.h6 1-0

[Event "6th EUR-ch (w)"]
[Site "Chisinau MDA"]
[Date "2005.06.18"]
[Round "8"]
[White "Muzicuk, Anna"]
[Black "Dolzhikova, Kateryna"]
[Result "1/2-1/2"]
[WhiteElo "2363"]
[BlackElo "2232"]
[EventDate "2005.06.10"]
[PlyCount "72"]

1.e4 c5 2.Nf3 d6 3.c3 Nf6 4.Be2 Bg4 5.d3 Nc6 6.Nbd2 e6 7.Nf1 Be7 8.Ne3 Bh5
9.O-O O-O 10.h3 d5 11.exd5 Nxd5 12.Nxd5 exd5 13.Be3 Rc8 14.d4 c4 15.g4 Bg6
16.Ne5 Bd6 17.f4 Be4 18.Bf3 Bxf3 19.Qxf3 Bb8 20.g5 f6 21.gxf6 Rxf6 22.Ng4 
Rf7 23.f5 h5 24.Ne5 Qd6 25.Qg2 Nxe5 26.dxe5 Qxe5 27.Bd4 Qg3 28.Qxg3 Bxg3 
29.Bxa7 Re8 30.Bf2 Bf4 31.Rae1 Rxe1 32.Rxe1 Rxf5 33.Re7 Rf7 34.Re8+ Rf8 
35.Re7 Rf7 36.Re8+ Rf8 1/2-1/2

[Event "6th EUR-ch (w)"]
[Site "Chisinau MDA"]
[Date "2005.06.18"]
[Round "8"]
[White "Susterman, Anja"]
[Black "Olarasu, Gabriela"]
[Result "1/2-1/2"]
[WhiteElo "2250"]
[BlackElo "2353"]
[EventDate "2005.06.10"]
[PlyCount "129"]

1.e4 e5 2.Nc3 Nf6 3.Bc4 Bc5 4.d3 h6 5.f4 d6 6.Nf3 Nc6 7.Rf1 a6 8.a3 Be6 9.
Bxe6 fxe6 10.fxe5 dxe5 11.Qe2 O-O 12.Bd2 b5 13.O-O-O Rb8 14.g4 Nxg4 15.Rg1
Bxg1 16.Rxg1 Qf6 17.Ne1 h5 18.h3 Qf2 19.Rg2 Qxe2 20.Nxe2 Nf6 21.Bh6 Ne8 
22.Kd2 Rd8 23.Bg5 Rd7 24.Ng3 Nf6 25.Ke3 Rdf7 26.c3 Nb8 27.Bh4 c5 28.Ke2 
Nc6 29.Nc2 Kh7 30.Ne3 g6 31.Ngf1 Nd7 32.Nd2 Nb6 33.b3 b4 34.axb4 cxb4 35.
cxb4 Nxb4 36.Ndc4 Nxc4 37.Nxc4 Nc6 38.Bg3 Nd4+ 39.Kd2 Nxb3+ 40.Kc3 Nd4 41.
Bxe5 Nb5+ 42.Kb4 Rd7 43.Ra2 Ra7 44.Kc5 Rd8 45.Kb6 Rxd3 46.Nd6 Re7 47.Nxb5 
axb5 48.Ra8 g5 49.Rh8+ Kg6 50.Rg8+ Kf7 51.Rg7+ Ke8 52.Rg8+ Kd7 53.Bc7 Re8 
54.Rg7+ Kc8 55.Be5 Rd7 56.Rxg5 b4 57.Rg1 Rb7+ 58.Kc6 Ra7 59.Kb6 Ra3 60.
Rc1+ Kd8 61.Bf6+ Kd7 62.Rc7+ Kd6 63.Rc6+ Kd7 64.Rc7+ Kd6 65.Rc6+ 1/2-1/2

[Event "6th EUR-ch (w)"]
[Site "Chisinau MDA"]
[Date "2005.06.18"]
[Round "8"]
[White "Ivanova-Skripova, Tatiana"]
[Black "Goreskul, Alyona"]
[Result "0-1"]
[WhiteElo "2205"]
[BlackElo "2323"]
[EventDate "2005.06.10"]
[PlyCount "114"]

1.d4 Nf6 2.Nf3 e6 3.Bg5 b6 4.e3 Bb7 5.Bd3 h6 6.Bh4 d6 7.Nbd2 g5 8.Bg3 Nh5 
9.c3 Nd7 10.Qe2 a6 11.e4 Nxg3 12.hxg3 Bg7 13.O-O-O Qe7 14.Rhe1 O-O 15.e5 
g4 16.exd6 cxd6 17.Nh4 Qg5 18.Kb1 Nf6 19.f4 gxf3 20.gxf3 b5 21.Ne4 Nxe4 
22.fxe4 Rad8 23.Nf3 Qg4 24.Rh1 f5 25.Rh4 Qg6 26.exf5 exf5 27.Rg1 Rde8 28.
Qd1 Re3 29.Rf4 Rxd3 30.Qxd3 Be4 31.Rxe4 fxe4 32.Nh4 Qg4 33.Qd1 Qxd1+ 34.
Rxd1 Kh7 35.Re1 d5 36.Ng2 Rf5 37.Nf4 Bf8 38.Kc2 Bd6 39.Rf1 h5 40.Rh1 Bxf4 
41.gxf4 Kg6 42.Rh4 Rf6 43.Kd2 a5 44.Ke3 Rc6 45.Rh2 Kh6 46.Rc2 Rg6 47.f5 
Rg3+ 48.Kf4 Rf3+ 49.Ke5 e3 50.Rg2 Rf2 51.Rg6+ Kh7 52.Re6 e2 53.Kf6 h4 54.
Re3 Kh6 55.Ke6 Kg5 56.Kxd5 h3 57.f6 h2 0-1

[Event "6th EUR-ch (w)"]
[Site "Chisinau MDA"]
[Date "2005.06.18"]
[Round "8"]
[White "Kursova, Maria"]
[Black "Koskoska, Gabriela"]
[Result "1-0"]
[WhiteElo "2300"]
[BlackElo "2230"]
[EventDate "2005.06.10"]
[PlyCount "69"]

1.d4 Nf6 2.Nf3 c5 3.d5 b5 4.Bg5 Ne4 5.Bh4 Qa5+ 6.Nbd2 Bb7 7.a4 Nxd2 8.Nxd2
Bxd5 9.axb5 Qc7 10.e4 Bb7 11.Bg3 d6 12.Bc4 e6 13.O-O Be7 14.Qe2 Nd7 15.Nb3
h5 16.h3 h4 17.Bh2 g5 18.Na5 Ne5 19.f4 gxf4 20.Bxf4 Rh7 21.Bxe5 dxe5 22.
Qg4 Bf8 23.Bxe6 Rg7 24.Qf5 Rb8 25.Nxb7 Rxb7 26.Rad1 Bd6 27.Bc4 Rb6 28.Rd2 
Qd7 29.Qf6 Bf8 30.Qxe5+ Qe7 31.Qd5 Rd6 32.Qa8+ Qd8 33.Bxf7+ Rxf7 34.Qxd8+ 
Rxd8 35.Rxd8+ 1-0

[Event "6th EUR-ch (w)"]
[Site "Chisinau MDA"]
[Date "2005.06.18"]
[Round "8"]
[White "Tsoganova, Monika"]
[Black "Vozovic, Oksana"]
[Result "0-1"]
[WhiteElo "2211"]
[BlackElo "2288"]
[EventDate "2005.06.10"]
[PlyCount "86"]

1.d4 d6 2.Nf3 g6 3.c4 Bg7 4.Nc3 Nd7 5.e4 Ngf6 6.Be2 c5 7.d5 b5 8.cxb5 a6 
9.O-O O-O 10.h3 Qb6 11.a4 axb5 12.Bxb5 Ba6 13.Qe2 Rfb8 14.Bg5 h6 15.Bh4 g5
16.Bg3 Nh5 17.Bh2 Bxc3 18.bxc3 Bxb5 19.axb5 Rxa1 20.Rxa1 Qxb5 21.Qxb5 Rxb5
22.g4 Nf4 23.Bxf4 gxf4 24.Ra7 Nf6 25.Rxe7 Kf8 26.Rc7 Nxe4 27.Nh4 Kg7 28.
Nf5+ Kf6 29.Kg2 Rb3 30.Kf3 Nxc3 31.Rd7 Ke5 32.Re7+ Kxd5 33.Kxf4 c4 34.Ne3+
Kd4 35.Nc2+ Kd3 36.Ne1+ Kd2 37.Nf3+ Kd1 38.Re1+ Kc2 39.Nd4+ Kd3 40.Nf3 
Ne2+ 41.Kf5 Nd4+ 42.Nxd4 Kxd4 43.Rd1+ Rd3 0-1

[Event "6th EUR-ch (w)"]
[Site "Chisinau MDA"]
[Date "2005.06.18"]
[Round "8"]
[White "Schuurman, Petra"]
[Black "Burtasova, Anna"]
[Result "0-1"]
[WhiteElo "2288"]
[BlackElo "2223"]
[EventDate "2005.06.10"]
[PlyCount "70"]

1.Nf3 d5 2.d4 e6 3.c4 c5 4.cxd5 exd5 5.g3 Nc6 6.Bg2 c4 7.O-O Bb4 8.a3 Ba5 
9.b3 cxb3 10.Qxb3 Nge7 11.Nc3 O-O 12.Bf4 Be6 13.Rac1 Bb6 14.Rfd1 Nf5 15.e3
f6 16.g4 Nfe7 17.h3 Qd7 18.Ne1 Rad8 19.Na4 h5 20.Nd3 hxg4 21.Ndc5 Qc8 22.
Nxb6 axb6 23.Nxe6 Qxe6 24.h4 Nf5 25.Qxb6 Nxh4 26.Qxb7 Nxg2 27.Kxg2 Qe4+ 
28.Kg1 g5 29.Qb1 Qxb1 30.Rxb1 gxf4 31.exf4 Rb8 32.Rbc1 Rfc8 33.Rc3 Ne7 34.
Rg3 f5 35.Re1 Ng6 0-1

[Event "6th EUR-ch (w)"]
[Site "Chisinau MDA"]
[Date "2005.06.18"]
[Round "8"]
[White "Guseva, Marina"]
[Black "Lazo, Xenia"]
[Result "1-0"]
[WhiteElo "2264"]
[BlackElo "2001"]
[EventDate "2005.06.10"]
[PlyCount "125"]

1.d4 d5 2.Nf3 Nf6 3.c4 c6 4.Nc3 a6 5.c5 Nbd7 6.h3 Qc7 7.Bg5 h6 8.Bh4 e6 9.
Bg3 Qa5 10.Qd2 b6 11.Bc7 Ra7 12.b4 Qxb4 13.Rb1 Qa5 14.Bxb6 Nxb6 15.Rxb6 
Nd7 16.Rb1 e5 17.e3 Qc7 18.Be2 Be7 19.O-O O-O 20.Ne1 e4 21.Nc2 f5 22.Na4 
Nf6 23.Nb6 a5 24.Rb3 g5 25.Rfb1 g4 26.g3 gxh3 27.Bf1 Kh8 28.Bxh3 Be6 29.
Ne1 Nh7 30.Ra3 h5 31.Rxa5 h4 32.Rxa7 Qxa7 33.a4 Rg8 34.a5 Bf6 35.Ra1 hxg3 
36.f4 exf3 37.Nxf3 Ng5 38.Nxg5 Bxg5 39.Kg2 Rg6 40.Qd3 Rf6 41.a6 Bxe3 42.
Qxe3 f4 43.Qe5 Bxh3+ 44.Kxh3 Qh7+ 45.Kg4 Qg7+ 46.Kf3 g2 47.Qxf6 Qxf6 48.a7
Kh7 49.a8=Q Qg7 50.Kxf4 Qxd4+ 51.Kf5 g1=Q 52.Rxg1 Qxg1 53.Qb7+ Kg8 54.Qc8+
Kf7 55.Qe6+ Kg7 56.Qe7+ Kg8 57.Qg5+ Qxg5+ 58.Kxg5 Kg7 59.Nxd5 Kf7 60.Nf4 
Ke7 61.Kf5 Kd7 62.Ke5 Ke7 63.Ne6 1-0

[Event "6th EUR-ch (w)"]
[Site "Chisinau MDA"]
[Date "2005.06.18"]
[Round "8"]
[White "Galoian, Lilit"]
[Black "Padurariu, Ioana-Smaranda"]
[Result "1/2-1/2"]
[WhiteElo "2256"]
[BlackElo "2153"]
[EventDate "2005.06.10"]
[PlyCount "103"]

1.d4 Nf6 2.c4 e6 3.Nc3 Bb4 4.Bd2 c5 5.a3 Bxc3 6.Bxc3 b6 7.dxc5 bxc5 8.Qd6 
Qe7 9.Qg3 O-O 10.Be5 Ne8 11.Bxb8 d6 12.Qb3 Bb7 13.Bxa7 Rxa7 14.Nf3 Nf6 15.
Nd2 Ne4 16.Qc2 f5 17.h4 Bc6 18.Rh3 Rb8 19.Nxe4 Bxe4 20.Qc3 Rab7 21.O-O-O 
d5 22.cxd5 Bxd5 23.Rd2 Qc7 24.e4 Rb3 25.exd5 Rxc3+ 26.Rxc3 exd5 27.Rxd5 
Qf4+ 28.Rd2 Rxb2 29.Bc4+ Kf8 30.Kxb2 Qxd2+ 31.Rc2 Qd4+ 32.Kb3 Qxh4 33.a4 
Qd8 34.Bb5 Qd5+ 35.Rc4 Ke7 36.f3 g5 37.a5 Qd3+ 38.Kb2 Qd2+ 39.Kb3 Kd6 40.
Ra4 Qd1+ 41.Kb2 Qd2+ 42.Kb3 Qxg2 43.a6 Qxf3+ 44.Kc2 Kc7 45.a7 Qg2+ 46.Kc3 
Qf3+ 47.Kc4 Qe4+ 48.Kxc5 Qxa4 49.Bxa4 Kb7 50.Bc2 f4 51.Bxh7 Kxa7 52.Kd4 
1/2-1/2

[Event "6th EUR-ch (w)"]
[Site "Chisinau MDA"]
[Date "2005.06.18"]
[Round "8"]
[White "Minina, Veronika"]
[Black "Calzetta Ruiz, Monica"]
[Result "0-1"]
[WhiteElo "2059"]
[BlackElo "2254"]
[EventDate "2005.06.10"]
[PlyCount "64"]

1.d4 Nf6 2.c4 c5 3.d5 b5 4.cxb5 a6 5.bxa6 g6 6.g3 Bxa6 7.Bg2 d6 8.Nf3 Bg7 
9.Nc3 O-O 10.O-O Nbd7 11.Rb1 Ne8 12.Qc2 Nc7 13.Re1 Bc4 14.a3 Bxd5 15.Nxd5 
Nxd5 16.Ng5 N7b6 17.Rd1 e6 18.h4 Ra7 19.h5 h6 20.Nh3 g5 21.g4 Qe7 22.Be4 
Nf6 23.Bf3 d5 24.Be3 Nc4 25.Bc1 Ne5 26.Nxg5 hxg5 27.Bxg5 Qc7 28.Rbc1 Nexg4
29.Qxc5 Qh2+ 30.Kf1 Ra5 31.Bf4 Rxc5 32.Bxh2 Rxc1 0-1

[Event "6th EUR-ch (w)"]
[Site "Chisinau MDA"]
[Date "2005.06.18"]
[Round "8"]
[White "Partac, Elena"]
[Black "Ionescu, Irina"]
[Result "0-1"]
[WhiteElo "2190"]
[BlackElo "2252"]
[EventDate "2005.06.10"]
[PlyCount "146"]

1.e4 g6 2.d4 Bg7 3.Nc3 c6 4.Bc4 d6 5.Qf3 e6 6.Nge2 b5 7.Bd3 Ne7 8.Qg3 e5 
9.dxe5 dxe5 10.O-O Nd7 11.f4 O-O 12.f5 Kh8 13.Be3 b4 14.Na4 Qa5 15.b3 gxf5
16.exf5 Nd5 17.Qh4 Bf6 18.Bg5 Qd8 19.Bxf6+ Qxf6 20.Qxf6+ N5xf6 21.Ng3 Nd5 
22.Rfe1 f6 23.Ne4 N7b6 24.Nec5 Rg8 25.Be4 Rg5 26.Rf1 Ne3 27.Rf2 Nbd5 28.
Re1 Bxf5 29.Bxf5 Rxf5 30.Rxf5 Nxf5 31.Ne4 Nd4 32.c4 bxc3 33.Nexc3 Rd8 34.
Ne4 Kg7 35.Nac5 f5 36.Nd2 Kf6 37.Nc4 e4 38.Kf2 Nb6 39.g4 Rd5 40.Nb7 Rd7 
41.Nbd6 Nxc4 42.Nxc4 Nf3 43.Re2 Nxh2 44.gxf5 Ng4+ 45.Kg2 Kxf5 46.Nd2 e3 
47.Nc4 Ke4 48.Kg3 h5 49.Kh3 Kf3 50.Rxe3+ Nxe3 51.Ne5+ Ke4 52.Nxd7 Nd1 53.
Kh4 Nc3 54.a4 Nd5 55.Kxh5 Kd4 56.Kg5 Kc3 57.Nb8 Nb4 58.Kf5 Kxb3 59.a5 Ka4 
60.a6 Kb5 61.Ke5 Nxa6 62.Nd7 Nc5 63.Nb8 a5 64.Kd6 Ne4+ 65.Ke5 Nd2 66.Kd4 
c5+ 67.Kc3 Ne4+ 68.Kb2 Nf6 69.Kc3 a4 70.Kb2 Kb6 71.Ka3 Kb7 72.Kxa4 Kxb8 
73.Kb5 Nd7 0-1

[Event "6th EUR-ch (w)"]
[Site "Chisinau MDA"]
[Date "2005.06.18"]
[Round "8"]
[White "Kalinina, Olga"]
[Black "Dolukhanova, Evgeniya"]
[Result "1/2-1/2"]
[WhiteElo "2022"]
[BlackElo "2251"]
[EventDate "2005.06.10"]
[PlyCount "127"]

1.e4 c5 2.Nf3 d6 3.d4 cxd4 4.Nxd4 Nf6 5.Nc3 a6 6.Bc4 e6 7.Bb3 Be7 8.Qf3 
O-O 9.Qg3 Nc6 10.Nxc6 bxc6 11.Bh6 Ne8 12.h4 Rb8 13.e5 Qa5 14.Bf4 dxe5 15.
Bxe5 Rb4 16.O-O-O Rxh4 17.Nd5 exd5 18.Rxh4 Bxh4 19.Qxh4 f6 20.Bg3 Be6 21.
f4 Nd6 22.Be1 Qb6 23.Bf2 Qc7 24.Bc5 Re8 25.Rh1 h6 26.Qh5 Bf7 27.Qf3 Ne4 
28.Be3 Qe7 29.Re1 a5 30.c3 Qb7 31.g4 Rb8 32.Re2 a4 33.Bd1 a3 34.Bb3 axb2+ 
35.Rxb2 c5 36.Qg2 c4 37.Ba4 Qc7 38.Rxb8+ Qxb8 39.Qb2 Qd6 40.Bc2 Bg6 41.a4 
Be8 42.Qb4 Qc6 43.a5 Bd7 44.Qa3 Qa6 45.Bb6 Bxg4 46.Qe7 h5 47.Qd8+ Kh7 48.
Qxd5 f5 49.Bxe4 fxe4 50.Qxe4+ Kg8 51.Qe8+ Kh7 52.Qf7 Bf3 53.f5 Qb7 54.Qxc4
Qe4 55.Qxe4 Bxe4 56.a6 Bxf5 57.Kd2 Kg6 58.Ke3 Bc8 59.a7 Bb7 60.Kf4 Kf6 61.
Bd8+ Ke6 62.Kg5 Kd7 63.Ba5 Kc8 64.Kxh5 1/2-1/2

[Event "6th EUR-ch (w)"]
[Site "Chisinau MDA"]
[Date "2005.06.18"]
[Round "8"]
[White "Voicu, Carmen"]
[Black "Srebrnic, Ana"]
[Result "0-1"]
[WhiteElo "2310"]
[BlackElo "2221"]
[EventDate "2005.06.10"]
[PlyCount "178"]

1.e4 e5 2.Nf3 Nf6 3.Nxe5 d6 4.Nf3 Nxe4 5.Nc3 Nxc3 6.dxc3 Be7 7.Bf4 O-O 8.
Qd2 Nd7 9.O-O-O Nc5 10.Be3 c6 11.Kb1 Re8 12.Nd4 Ne4 13.Qc1 c5 14.Nb3 Bd7 
15.f3 Nf6 16.h4 a5 17.Nd2 d5 18.g4 Qc7 19.h5 Bc6 20.g5 Nd7 21.g6 Bd6 22.
Re1 Bg3 23.gxf7+ Kxf7 24.Re2 a4 25.Rg1 Bh2 26.Rg5 Be5 27.a3 Bf6 28.Rf5 Kg8
29.c4 g6 30.hxg6 hxg6 31.Bf4 Qb6 32.cxd5 Rxe2 33.Bxe2 Bb5 34.Rxf6 Nxf6 35.
c4 Bd7 36.Bd3 Nh5 37.Be5 Rf8 38.d6 Bf5 39.Ne4 Qb3 40.Bc3 Ng7 41.d7 Ne6 42.
Qh6 Qd1+ 43.Ka2 Qb3+ 44.Ka1 Qd1+ 45.Bb1 Qxd7 46.Qh8+ Kf7 47.Qf6+ Kg8 48.
Qe5 Qd1 49.Qh8+ Kf7 50.Qh7+ Ke8 51.Qxb7 Rf7 52.Qa8+ Ke7 53.Be5 Kd7 54.Qb7+
Ke8 55.Qb8+ Ke7 56.Qb7+ Ke8 57.Qc8+ Nd8 58.Qa8 Rd7 59.Nf6+ Kf7 60.Ne4 Kf8 
61.Qa6 Ne6 62.Bd6+ Kf7 63.Be5 Kf8 64.Qc8+ Rd8 65.Qb7 Rd7 66.Qa8+ Rd8 67.
Qc6 Kf7 68.Qb7+ Rd7 69.Qb5 Rd8 70.Ka2 Kf8 71.Qb7 Rd7 72.Qb8+ Rd8 73.Qb6 
Kf7 74.Qb7+ Kf8 75.Qb5 Rd7 76.Qc6 Rd8 77.Bd6+ Kg8 78.Nf6+ Kh8 79.Bxf5 gxf5
80.Nd5 Qb3+ 81.Kb1 Qd1+ 82.Ka2 Qb3+ 83.Kb1 Qd3+ 84.Ka1 Qf1+ 85.Ka2 Qxc4+ 
86.Kb1 Ng7 87.Qc7 Qd3+ 88.Ka1 Qd1+ 89.Ka2 Qxd5+ 0-1

[Event "6th EUR-ch (w)"]
[Site "Chisinau MDA"]
[Date "2005.06.18"]
[Round "8"]
[White "Khudaverdieva, Afag"]
[Black "Repkova, Eva"]
[Result "1/2-1/2"]
[WhiteElo "2187"]
[BlackElo "2392"]
[EventDate "2005.06.10"]
[PlyCount "122"]

1.d4 d5 2.c4 e6 3.cxd5 exd5 4.Nc3 Nf6 5.Bg5 c6 6.e3 Qb6 7.Qc2 Ne4 8.Bf4 
Bd6 9.Bxd6 Nxd6 10.Bd3 Bg4 11.Nge2 Bxe2 12.Qxe2 Nd7 13.O-O O-O 14.Rac1 Nf6
15.Na4 Qc7 16.Nc5 Rfe8 17.Bb1 Qe7 18.Rce1 Nfe4 19.Nxe4 Nxe4 20.f3 Nd6 21.
e4 f5 22.e5 g6 23.Qd1 Nb5 24.Qd2 Rf8 25.f4 Nc7 26.Kh1 Ne6 27.Re3 Rf7 28.b4
Qd8 29.Rb3 Qb6 30.Rd1 a5 31.g3 axb4 32.Rxb4 Qa5 33.a4 Ra7 34.Qb2 Qd8 35.
Bd3 Qa8 36.Bc2 Qd8 37.Bd3 Qa8 38.Bc2 Ra5 39.Rb1 Qa6 40.Re1 Qa8 41.Rb1 h5 
42.h4 Qa7 43.Rb6 Ra6 44.Rb4 Qa8 45.Ra1 Ra7 46.Rb1 Ra5 47.Rb6 Ra6 48.Rb4 
Qa7 49.Rd1 Ra5 50.Rb6 Ra6 51.Rb4 Qa8 52.Rb1 Ra7 53.Rb6 Qd8 54.Qb4 Kg7 55.
Kg2 Rc7 56.a5 Qe7 57.Qa4 Kh6 58.Bd1 Rc8 59.Be2 c5 60.dxc5 Nxc5 61.Qb4 Qd8 
1/2-1/2

[Event "6th EUR-ch (w)"]
[Site "Chisinau MDA"]
[Date "2005.06.18"]
[Round "8"]
[White "Smochina, Carolina"]
[Black "Mirzoeva, Elmira"]
[Result "1/2-1/2"]
[WhiteElo "2307"]
[BlackElo "2232"]
[EventDate "2005.06.10"]
[PlyCount "77"]

1.c4 e5 2.g3 Nc6 3.Bg2 f5 4.Nc3 Bb4 5.Nd5 Bc5 6.e3 Nf6 7.Ne2 d6 8.d4 Bb6 
9.b4 Nxd5 10.cxd5 Ne7 11.a4 a5 12.b5 e4 13.Nc3 O-O 14.O-O Kh8 15.f3 exf3 
16.Bxf3 Bd7 17.Ra2 g5 18.Bg2 Qe8 19.Raf2 Qg6 20.g4 Kg7 21.gxf5 Bxf5 22.e4 
Bd7 23.Rxf8 Rxf8 24.Be3 Rxf1+ 25.Qxf1 Qf6 26.Qxf6+ Kxf6 27.Ne2 h5 28.Kf2 
h4 29.h3 Kg6 30.Ng1 c6 31.dxc6 bxc6 32.Nf3 cxb5 33.Bxg5 bxa4 34.Bc1 Nc6 
35.Ke3 Kf6 36.Kd3 Bc8 37.Kc4 Nb4 38.Kb5 Nd3 39.Kxa4 1/2-1/2

[Event "6th EUR-ch (w)"]
[Site "Chisinau MDA"]
[Date "2005.06.18"]
[Round "8"]
[White "Nill, Jessica"]
[Black "Baskite, Viktoria"]
[Result "1-0"]
[WhiteElo "2290"]
[BlackElo "2205"]
[EventDate "2005.06.10"]
[PlyCount "119"]

1.d4 Nf6 2.c4 e6 3.Nc3 Bb4 4.e3 d5 5.Qa4+ Nc6 6.a3 Bxc3+ 7.bxc3 O-O 8.Nf3 
e5 9.cxd5 Nxd5 10.Qc2 Bg4 11.c4 Bxf3 12.gxf3 Nf6 13.d5 Ne7 14.Bb2 Ng6 15.
h4 Re8 16.h5 Nf8 17.h6 g6 18.f4 Qd6 19.fxe5 Rxe5 20.O-O-O b6 21.Bxe5 Qxe5 
22.Qb2 Qd6 23.Bh3 Re8 24.Kb1 Re5 25.Bg2 N8d7 26.e4 Rg5 27.Bh3 Nc5 28.Rhe1 
Re5 29.Bg2 Nh5 30.Qd2 g5 31.Re3 Nf4 32.f3 a5 33.Rh1 a4 34.Bf1 f6 35.Qb4 
Kf7 36.Bh3 Nfd3 37.Qd2 Nf4 38.Bf5 Kg8 39.Ka2 Re7 40.Rb1 Nb3 41.Qb4 Nc5 42.
Qc3 Ng2 43.Re2 Nh4 44.Rbe1 Nxf5 45.exf5 Rxe2+ 46.Rxe2 Nd7 47.Qe3 Ne5 48.f4
Nxc4 49.Qe8+ Qf8 50.Qe6+ Kh8 51.Qe8 Kg8 52.fxg5 fxg5 53.Re7 Qxe8 54.Rxe8+ 
Kf7 55.Rh8 Ne3 56.Rxh7+ Kf8 57.Rxc7 Kg8 58.Rg7+ Kh8 59.f6 Nf5 60.f7 1-0

[Event "6th EUR-ch (w)"]
[Site "Chisinau MDA"]
[Date "2005.06.18"]
[Round "8"]
[White "Sarakauskiene, Zivile"]
[Black "Ptacnikova, Lenka"]
[Result "1-0"]
[WhiteElo "2177"]
[BlackElo "2277"]
[EventDate "2005.06.10"]
[PlyCount "103"]

1.e4 c5 2.Nf3 Nc6 3.d4 cxd4 4.Nxd4 Nf6 5.Nc3 e5 6.Ndb5 d6 7.Bg5 a6 8.Bxf6 
gxf6 9.Na3 f5 10.exf5 Bxf5 11.Nc4 Be6 12.Ne3 Bg7 13.Bc4 O-O 14.O-O b5 15.
Bd5 Rc8 16.Ne4 Bxd5 17.Qxd5 Nb4 18.Qd2 d5 19.Qxb4 dxe4 20.Qxe4 Qd4 21.Qb7 
Qxb2 22.Qxa6 Ra8 23.Qc6 Rxa2 24.Rxa2 Qxa2 25.Qxb5 Qe6 26.Qd5 Qxd5 27.Nxd5 
Rd8 28.c4 Kf8 29.g4 Ke8 30.Rc1 Rd6 31.Kg2 Rc6 32.Kf3 Kd7 33.Ke4 Ke6 34.Rc2
Bf8 35.Ne3 Bc5 36.Nf5 Ra6 37.Ng7+ Kf6 38.Ne8+ Ke7 39.Nc7 Rc6 40.Nd5+ Ke6 
41.f3 Bd6 42.Ne3 Bc5 43.Nf5 Ra6 44.Ng7+ Kf6 45.Ne8+ Ke7 46.Kd5 Bd4 47.Ng7 
Rd6+ 48.Ke4 Rd8 49.Nf5+ Ke6 50.Rd2 Ra8 51.Nxd4+ exd4 52.Kxd4 1-0

[Event "6th EUR-ch (w)"]
[Site "Chisinau MDA"]
[Date "2005.06.18"]
[Round "8"]
[White "Eidelson, Rakhil"]
[Black "Cherednichenko, Svetlana"]
[Result "1-0"]
[WhiteElo "2268"]
[BlackElo "2230"]
[EventDate "2005.06.10"]
[PlyCount "51"]

1.d4 Nf6 2.Nf3 g6 3.Nc3 Bg7 4.h3 d6 5.e4 O-O 6.Be3 c6 7.a4 a5 8.Be2 Nbd7 
9.e5 Ne8 10.exd6 exd6 11.Qd2 Qb6 12.O-O d5 13.Bf4 Nef6 14.Be3 Re8 15.Ne5 
Ne4 16.Nxe4 dxe4 17.Nc4 Qd8 18.Nd6 Re7 19.Bg5 f6 20.Bc4+ Kf8 21.Qf4 h6 22.
Bxh6 f5 23.Nxf5 gxf5 24.Qxf5+ Ke8 25.Qg6+ Kf8 26.Qh7 1-0

[Event "6th EUR-ch (w)"]
[Site "Chisinau MDA"]
[Date "2005.06.18"]
[Round "8"]
[White "Tarasova, Viktoria"]
[Black "Rudolf, Anna"]
[Result "0-1"]
[WhiteElo "2268"]
[BlackElo "2210"]
[EventDate "2005.06.10"]
[PlyCount "86"]

1.c4 e5 2.Nc3 Bb4 3.g3 Bxc3 4.bxc3 d6 5.Bg2 f5 6.d3 Nf6 7.Rb1 Nc6 8.Nf3 
O-O 9.O-O Qe8 10.Nd2 f4 11.e3 Qg6 12.Qe2 Bf5 13.e4 Bc8 14.Bb2 Qh6 15.d4 
Bh3 16.f3 fxg3 17.hxg3 Bxg2 18.Kxg2 Nh5 19.Rg1 Rf6 20.Kf2 Rg6 21.Nf1 Nf4 
22.gxf4 Qh4+ 23.Ng3 exf4 24.Ke1 Rxg3 25.Kd2 Rf8 26.Ba3 b6 27.e5 Re8 28.Rh1
Qg5 29.Qe4 Rg2+ 30.Kc1 Qg6 31.Qxg6 Rxg6 32.exd6 cxd6 33.Kc2 Na5 34.Bc1 
Rg2+ 35.Kd3 Rf2 36.Rh3 Re1 37.c5 d5 38.Rb2 Rd1+ 39.Rd2 Rfxd2+ 40.Bxd2 Nc4 
41.Rh2 bxc5 42.dxc5 Kf7 43.Kc2 Rxd2+ 0-1

[Event "6th EUR-ch (w)"]
[Site "Chisinau MDA"]
[Date "2005.06.18"]
[Round "8"]
[White "Chulivska, Vita"]
[Black "Meshcheriakova, Evgenia"]
[Result "1-0"]
[WhiteElo "2262"]
[BlackElo "2193"]
[EventDate "2005.06.10"]
[PlyCount "65"]

1.e4 e6 2.Nf3 c5 3.b4 cxb4 4.a3 b3 5.cxb3 d5 6.e5 Ne7 7.d4 b6 8.Nc3 Nec6 
9.Bd3 Ba6 10.Nb5 Bxb5 11.Bxb5 a6 12.Bd3 Be7 13.O-O Nd7 14.Bb1 b5 15.Qd3 
Nb6 16.Ra2 h6 17.Ne1 Rc8 18.Rc2 Na7 19.f4 Rxc2 20.Nxc2 Qd7 21.f5 exf5 22.
Rxf5 Qe6 23.Rf3 a5 24.Ne3 g6 25.Bd2 a4 26.Ba5 Nd7 27.bxa4 Nc6 28.Bc3 bxa4 
29.Ba2 Nb6 30.Qb5 O-O 31.Nxd5 Nxd5 32.Bxd5 Na7 33.Qb7 1-0

[Event "6th EUR-ch (w)"]
[Site "Chisinau MDA"]
[Date "2005.06.18"]
[Round "8"]
[White "Makka, Ioulia"]
[Black "Stiri, Alexandra"]
[Result "1/2-1/2"]
[WhiteElo "2250"]
[BlackElo "2181"]
[EventDate "2005.06.10"]
[PlyCount "20"]

1.Nf3 g6 2.d4 Bg7 3.e4 d6 4.Nc3 c6 5.Be3 Nd7 6.Qd2 Ngf6 7.h3 Qc7 8.Bh6 
Bxh6 9.Qxh6 Qa5 10.Qd2 O-O 1/2-1/2

[Event "6th EUR-ch (w)"]
[Site "Chisinau MDA"]
[Date "2005.06.18"]
[Round "8"]
[White "Iodo, Anna"]
[Black "Fakhiridou, Ekaterini"]
[Result "1/2-1/2"]
[WhiteElo "2176"]
[BlackElo "2247"]
[EventDate "2005.06.10"]
[PlyCount "42"]

1.e4 d6 2.d4 e5 3.Nf3 Nd7 4.Bc4 h6 5.dxe5 dxe5 6.Bxf7+ Kxf7 7.Nxe5+ Kf6 8.
Qd5 Qe8 9.Ng4+ Ke7 10.Be3 Qf7 11.Nc3 c6 12.Qa5 Qe6 13.f3 b6 14.Qa4 Ngf6 
15.Nxf6 Qxf6 16.O-O-O Kf7 17.Qc4+ Qe6 18.Qe2 Bc5 19.Bd2 Bd4 20.f4 Rf8 21.
f5 Qf6 1/2-1/2

[Event "6th EUR-ch (w)"]
[Site "Chisinau MDA"]
[Date "2005.06.18"]
[Round "8"]
[White "Paulet, Iozefina"]
[Black "Czarnota, Dorota"]
[Result "1-0"]
[WhiteElo "2051"]
[BlackElo "2244"]
[EventDate "2005.06.10"]
[PlyCount "51"]

1.e4 c6 2.d4 d5 3.e5 Bf5 4.Nf3 e6 5.Be2 c5 6.Be3 Nd7 7.O-O Qb6 8.c4 Qxb2 
9.Nbd2 Qc2 10.Qxc2 Bxc2 11.cxd5 exd5 12.dxc5 Ne7 13.Nd4 Ba4 14.Bb5 Bxb5 
15.Nxb5 Kd8 16.Nf3 Nf5 17.Ng5 Nxe5 18.Rad1 f6 19.Rxd5+ Ke7 20.c6 Nxe3 21.
cxb7 Rb8 22.fxe3 Rxb7 23.Rxe5+ Kd7 24.Rd1+ Kc6 25.Nd4+ Kd6 26.Re6+ 1-0